000
00301 a2200133 4500
005
20250702070825.0
020
_a
978-1-8460-5654-3
082
_a
658 FFO
100
_a
FFORDE, K.
245
_a
A French Affair,
260
_a
Random House,
_b
Britain,
_c
2013.
300
_a
356p,
_c
23cm.
942
_2
ddc
_c
BKS
999
_c
6526
_d
6526